[Event "Women's Speed Chess Q5"]
[Site "chess.com INT"]
[Date "2020.06.22"]
[Round "4"]
[White "Vijayalakshmi, Subbaraman"]
[Black "Sargsyan, Anna M."]
[Result "0-1"]
[WhiteTitle "IM"]
[BlackTitle "WGM"]
[WhiteElo "2332"]
[BlackElo "2405"]
[WhiteFideId "5004098"]
[BlackFideId "13308130"]
[EventDate "2020.06.22"]

1. Nf3 d5 2. g3 Nf6 3. Bg2 c6 4. O-O Bf5 5. d4 e6 6. Nbd2 Be7 7. c4 O-O 8. b3
Nbd7 9. Bb2 h6 10. Re1 Ne4 11. Ne5 Nxe5 12. dxe5 Bb4 13. Nxe4 Bxe1 14. Nd6 Bb4
15. Nxf5 exf5 16. cxd5 cxd5 17. Bxd5 Qe7 18. e4 fxe4 19. Bxe4 Rad8 20. Qg4 Rd2
21. Bc1 Qxe5 22. Rb1 Rd4 23. f3 f5 0-1

[Event "Women's Speed Chess Q5"]
[Site "chess.com INT"]
[Date "2020.06.22"]
[Round "4"]
[White "Zhao, Xue"]
[Black "Maltsevskaya, Aleksandra"]
[Result "1/2-1/2"]
[WhiteTitle "GM"]
[BlackTitle "WGM"]
[WhiteElo "2486"]
[BlackElo "2272"]
[WhiteFideId "8601283"]
[BlackFideId "24174041"]
[EventDate "2020.06.22"]

1. Nf3 Nf6 2. e3 g6 3. d4 Bg7 4. b3 O-O 5. Bb2 d6 6. Be2 Nbd7 7. c4 e5 8. dxe5
Ng4 9. Nc3 Ngxe5 10. Nd4 Nc5 11. O-O a5 12. a3 c6 13. b4 axb4 14. axb4 Rxa1 15.
Bxa1 Ne6 16. Nb3 Qb6 17. Qxd6 Rd8 18. Nd5 Qa6 19. Ne7+ Kf8 20. Nxg6+ Kg8 21.
Ne7+ Kf8 22. b5 Qa4 23. Ng6+ Kg8 24. Ne7+ Kf8 25. Ng6+ Kg8 26. Ne7+ Kf8 1/2-1/2

[Event "Women's Speed Chess Q5"]
[Site "chess.com INT"]
[Date "2020.06.22"]
[Round "4"]
[White "Kovanova, Baira"]
[Black "Vifleemskaia, Svetlana"]
[Result "1-0"]
[WhiteTitle "WGM"]
[BlackTitle "WFM"]
[WhiteElo "2343"]
[BlackElo "1943"]
[WhiteFideId "4164083"]
[BlackFideId "4129490"]
[EventDate "2020.06.22"]

1. e4 e5 2. Nf3 Nc6 3. Bb5 a6 4. Ba4 Nf6 5. d3 d6 6. c4 g6 7. Nc3 Bg7 8. h3 O-O
9. O-O Nh5 10. Nd5 Nd4 11. Be3 c6 12. Nc3 b5 13. Bc2 h6 14. Bxd4 exd4 15. Ne2 c5
16. cxb5 axb5 17. Bb3 Be6 18. Bxe6 fxe6 19. Qb3 Qd7 20. Nd2 Kh7 21. f4 e5 22.
fxe5 Bxe5 23. Nf3 Bg7 24. Rac1 Qf7 25. Ng5+ hxg5 26. Rxf7 c4 27. Rxf8 cxb3 28.
Rxa8 1-0

[Event "Women's Speed Chess Q5"]
[Site "chess.com INT"]
[Date "2020.06.22"]
[Round "4"]
[White "Singgih, Diajeng Theresa"]
[Black "Kaya, Emel"]
[Result "0-1"]
[WhiteTitle "WFM"]
[BlackTitle "WCM"]
[WhiteElo "1972"]
[BlackElo "1912"]
[WhiteFideId "7104391"]
[BlackFideId "6306411"]
[EventDate "2020.06.22"]

1. e4 c5 2. Nc3 g6 3. f4 Bg7 4. Nf3 Nc6 5. Bb5 e6 6. O-O Nge7 7. d3 d6 8. Be3
O-O 9. d4 cxd4 10. Bxd4 Nxd4 11. Nxd4 Qb6 12. Ne2 e5 13. f5 exd4 14. f6 d3+ 15.
Kh1 dxe2 16. Qxe2 Nc6 17. fxg7 Kxg7 18. Bc4 Nd4 19. Qf2 f6 20. Rad1 Ne6 21. Qg3
Rd8 22. Qf3 Rf8 23. Qg3 Qc5 24. Bxe6 Bxe6 25. Rxd6 Qc4 26. b3 Qxf1# 0-1

[Event "Women's Speed Chess Q5"]
[Site "chess.com INT"]
[Date "2020.06.22"]
[Round "4"]
[White "Cori T., Deysi"]
[Black "Artemyeva, Olga"]
[Result "1-0"]
[WhiteTitle "WGM"]
[BlackTitle "WFM"]
[WhiteElo "2388"]
[BlackElo "2069"]
[WhiteFideId "3801934"]
[BlackFideId "4138422"]
[EventDate "2020.06.22"]

1. d4 Nf6 2. Nf3 e6 3. e3 Be7 4. b3 O-O 5. Bb2 b6 6. Bd3 Bb7 7. O-O d5 8. c4
Nbd7 9. Nc3 c5 10. cxd5 exd5 11. Rc1 Re8 12. dxc5 bxc5 13. Na4 Rc8 14. Bf5 Rc7
15. Bc3 Nb6 16. Ba5 Qd6 17. Nc3 Ba6 18. Re1 g6 19. Bd3 Bxd3 20. Qxd3 Rd7 21. Nb5
Qb8 22. Bc3 Ne4 23. Ba1 Bf6 24. Bxf6 Nxf6 25. Rxc5 a6 26. Nc3 Ne4 27. Ra5 Nxc3
28. Qxc3 Rc8 29. Qd4 Qd6 30. Rxa6 Rc6 31. Ne5 1-0

[Event "Women's Speed Chess Q5"]
[Site "chess.com INT"]
[Date "2020.06.22"]
[Round "4"]
[White "Yakimova, Mariya"]
[Black "Sowa, Wiktoria"]
[Result "1-0"]
[WhiteTitle "WFM"]
[BlackTitle "WFM"]
[WhiteElo "2269"]
[BlackElo "2093"]
[WhiteFideId "34188859"]
[BlackFideId "21836701"]
[EventDate "2020.06.22"]

1. d4 Nf6 2. c4 g6 3. Nf3 Bg7 4. g3 d5 5. Bg2 O-O 6. cxd5 Nxd5 7. O-O Nc6 8. e4
Nb6 9. d5 Ne5 10. Nxe5 Bxe5 11. Nc3 e6 12. Qb3 exd5 13. exd5 Bf5 14. Be3 Qd7 15.
Rfd1 Rad8 16. a4 Bg4 17. Rd2 Qc8 18. Ne4 Rfe8 19. Bg5 Rd7 20. Nf6+ Bxf6 21. Bxf6
Rd6 22. Bc3 Bf5 23. Qb4 Nd7 24. g4 Be4 25. Bxe4 a5 26. Qd4 Ne5 27. Bg2 Rf6 28.
Re2 Nd7 29. Rae1 Rxe2 30. Rxe2 h5 31. g5 c5 32. dxc6 1-0

[Event "Women's Speed Chess Q5"]
[Site "chess.com INT"]
[Date "2020.06.22"]
[Round "4"]
[White "Mendoza, Shania Mae"]
[Black "Nikulina, Alena"]
[Result "1-0"]
[WhiteTitle "WFM"]
[BlackTitle "WFM"]
[WhiteElo "2158"]
[BlackElo "1887"]
[WhiteFideId "5211158"]
[BlackFideId "4172051"]
[EventDate "2020.06.22"]

1. e4 c5 2. Nf3 d6 3. g3 Nc6 4. Bg2 Nf6 5. d3 e6 6. O-O Be7 7. Re1 O-O 8. c3 Qc7
9. d4 cxd4 10. cxd4 d5 11. e5 Nd7 12. Nc3 a6 13. Bf4 b5 14. Rc1 Bb7 15. h4 Rac8
16. Bg5 Nb6 17. b3 h6 18. Bf4 Bb4 19. Re2 Qe7 20. Rec2 Ba3 21. Rb1 Nb4 22. Ne2
Rxc2 23. Bd2 Rfc8 24. Nf4 Rxa2 25. Nh5 Rcc2 26. Be3 Rab2 27. Rxb2 Rxb2 28. Nh2
Qc7 29. Qg4 Rb1+ 30. Bf1 g6 31. Nf6+ Kf8 32. Bxh6+ Ke7 33. Bg5 Kf8 34. h5 Nd3
35. hxg6 fxg6 36. Qxe6 Qf7 37. Bh6+ Qg7 38. Qe8# 1-0

[Event "Women's Speed Chess Q5"]
[Site "chess.com INT"]
[Date "2020.06.22"]
[Round "4"]
[White "Tarasova, Viktoriya"]
[Black "Kalinina, Larisa"]
[Result "1-0"]
[WhiteTitle "WIM"]
[BlackTitle "WIM"]
[WhiteElo "2226"]
[BlackElo "2131"]
[WhiteFideId "4175840"]
[BlackFideId "14106361"]
[EventDate "2020.06.22"]

1. d4 d5 2. c4 e6 3. Nc3 Nf6 4. cxd5 exd5 5. Bg5 Be7 6. Qc2 c6 7. e3 O-O 8. Bd3
Nbd7 9. Nf3 Re8 10. O-O Nf8 11. Rab1 Bg4 12. Ne5 Bh5 13. b4 a6 14. a4 N6d7 15.
Bxe7 Qxe7 16. Nxd7 Qxd7 17. b5 axb5 18. axb5 Bg6 19. bxc6 bxc6 20. Bxg6 Nxg6 21.
Na4 Qa7 22. Nc5 Nf8 23. Rb7 Qa2 24. Qf5 f6 25. Qg4 g6 26. Nd7 Re7 27. Nxf6+ Kf7
28. Rxe7+ Kxe7 29. Qh4 Qa7 30. Nxh7+ Kd6 31. Qf6+ Ne6 32. Ng5 Re8 33. Nf7+ Kc7
34. Ne5 Kc8 35. Qxg6 1-0

[Event "Women's Speed Chess Q5"]
[Site "chess.com INT"]
[Date "2020.06.22"]
[Round "4"]
[White "Narva, Regina"]
[Black "Muminova, Nafisa"]
[Result "1/2-1/2"]
[WhiteTitle "WFM"]
[BlackTitle "WGM"]
[WhiteElo "1905"]
[BlackElo "2274"]
[WhiteFideId "4500237"]
[BlackFideId "14201526"]
[EventDate "2020.06.22"]

1. e4 e6 2. Nc3 d5 3. exd5 exd5 4. d4 c6 5. Nf3 Bd6 6. Bd3 Ne7 7. O-O Bf5 8. Bg5
Bxd3 9. Qxd3 O-O 10. Rfe1 f6 11. Bh4 Ng6 12. Bg3 Qc7 13. Re6 Bxg3 14. hxg3 Nd7
15. Rae1 Rf7 16. Qf5 Ndf8 17. Re8 Rxe8 18. Rxe8 Re7 19. Rc8 Qd7 20. Qxd7 Rxd7
21. Na4 Kf7 22. Nc5 Re7 23. Rb8 b6 24. Nd3 Rc7 25. c3 Nd7 26. Ra8 Ne7 27. Nb4
Rb7 28. Rh8 h6 29. Rd8 a5 30. Nd3 Ng6 31. Rc8 Ne7 32. Rd8 Ng6 33. Rc8 Ne7 34.
Rd8 1/2-1/2

[Event "Women's Speed Chess Q5"]
[Site "chess.com INT"]
[Date "2020.06.22"]
[Round "4"]
[White "Arakhamia-Grant, Ketevan"]
[Black "Kazarian, Anna-Maja"]
[Result "1-0"]
[WhiteTitle "GM"]
[BlackTitle "FM"]
[WhiteElo "2380"]
[BlackElo "2096"]
[WhiteFideId "13600168"]
[BlackFideId "1033689"]
[EventDate "2020.06.22"]

1. e4 e6 2. d4 d5 3. Nc3 Nf6 4. e5 Nfd7 5. f4 c5 6. Nf3 Nc6 7. Be3 Be7 8. Qd2
O-O 9. dxc5 Bxc5 10. O-O-O Bxe3 11. Qxe3 Qb6 12. Qe1 Nc5 13. h4 d4 14. Ne4 Nxe4
15. Qxe4 Rd8 16. Bd3 g6 17. h5 Nb4 18. hxg6 Nxa2+ 19. Kd2 Qxb2 20. gxf7+ Kf8 21.
Rb1 Qa3 22. Qxh7 Qa5+ 23. Ke2 Nc3+ 24. Kf2 Nd5 25. Qg8+ Ke7 26. f8=Q+ Rxf8 27.
Rh7+ Ke8 28. Bg6+ Kd8 29. Qxf8# 1-0

[Event "Women's Speed Chess Q5"]
[Site "chess.com INT"]
[Date "2020.06.22"]
[Round "4"]
[White "Miroshnik, Ekaterina"]
[Black "Kostrikina, Anna"]
[Result "1-0"]
[WhiteTitle "WFM"]
[BlackTitle "WFM"]
[WhiteElo "2139"]
[BlackElo "2161"]
[WhiteFideId "34127698"]
[BlackFideId "4176219"]
[EventDate "2020.06.22"]

1. d3 c5 2. Nd2 Nc6 3. Ngf3 g6 4. e4 Bg7 5. Be2 d6 6. O-O e6 7. c3 Nge7 8. Qc2
O-O 9. Re1 b6 10. Nf1 Bb7 11. Ng3 d5 12. Bf4 dxe4 13. dxe4 e5 14. Bg5 Qc7 15.
Rad1 Rad8 16. h4 f6 17. Be3 f5 18. exf5 gxf5 19. Bc1 h6 20. Nh5 Bh8 21. Bxh6
Rfe8 22. Bg5 Rxd1 23. Rxd1 e4 24. Bc4+ Kh7 25. Bxe7 Rxe7 26. Ng5+ Kg6 27. Qe2
Ne5 28. Ng3 Ng4 29. Qd2 Bf6 30. Qd6 Qxd6 31. Rxd6 Ne5 32. Be2 Kg7 33. Ne6+ 1-0

[Event "Women's Speed Chess Q5"]
[Site "chess.com INT"]
[Date "2020.06.22"]
[Round "4"]
[White "Solozhenkina, Elizaveta"]
[Black "Mrudul, Dehankar"]
[Result "1-0"]
[WhiteTitle "WIM"]
[BlackTitle "WIM"]
[WhiteElo "2301"]
[BlackElo "2256"]
[WhiteFideId "34106615"]
[BlackFideId "25096990"]
[EventDate "2020.06.22"]

1. e4 e5 2. Nf3 Nc6 3. Nc3 Nf6 4. Bb5 Bd6 5. a3 O-O 6. O-O a6 7. Ba4 b5 8. Bb3
Bb7 9. d3 Bc5 10. h3 d6 11. Bg5 h6 12. Bh4 Nb8 13. Re1 Nbd7 14. d4 Ba7 15. dxe5
dxe5 16. Nd5 g5 17. Nxg5 Nxd5 18. Bxd5 hxg5 19. Bxb7 gxh4 20. Bxa8 Qf6 21. Qg4+
Kh8 22. Rf1 Rxa8 23. Qxd7 Bb6 24. Qf5 Qxf5 25. exf5 f6 26. Rad1 1-0

[Event "Women's Speed Chess Q5"]
[Site "chess.com INT"]
[Date "2020.06.22"]
[Round "4"]
[White "Toncheva, Nadya"]
[Black "Abrahamyan, Tatev"]
[Result "0-1"]
[WhiteTitle "WFM"]
[BlackTitle "WGM"]
[WhiteElo "2064"]
[BlackElo "2358"]
[WhiteFideId "2924056"]
[BlackFideId "13301918"]
[EventDate "2020.06.22"]

1. e4 e6 2. d4 d5 3. Nd2 c5 4. exd5 Qxd5 5. Ngf3 cxd4 6. Bc4 Qd7 7. O-O Nc6 8.
Nb3 a6 9. Nbxd4 Nxd4 10. Nxd4 Qc7 11. Qe2 Bd6 12. h3 Nf6 13. Bg5 Bh2+ 14. Kh1
Be5 15. Rad1 h6 16. Bh4 Bd7 17. Rfe1 Bf4 18. Bxf6 gxf6 19. Bxe6 O-O-O 20. Bxd7+
Rxd7 21. c3 Rg8 22. Nf5 Qc6 23. f3 Be5 24. Rxd7 Qxd7 25. Qc4+ Kb8 26. Qe4 h5 27.
Nd4 Bg3 28. Rd1 Bc7 29. Qf5 Qd6 30. Kg1 Qh2+ 31. Kf1 Qxg2+ 32. Ke1 Re8+ 33. Ne6
Bg3# 0-1

[Event "Women's Speed Chess Q5"]
[Site "chess.com INT"]
[Date "2020.06.22"]
[Round "4"]
[White "Sihite, Chelsie Monica Ignesias"]
[Black "Nguyen, Thi Thanh An"]
[Result "1/2-1/2"]
[WhiteTitle "WIM"]
[BlackTitle "WGM"]
[WhiteElo "2252"]
[BlackElo "2285"]
[WhiteFideId "7101198"]
[BlackFideId "12400300"]
[EventDate "2020.06.22"]

1. c4 Nf6 2. Nf3 g6 3. g3 Bg7 4. Bg2 O-O 5. O-O d6 6. d4 Nc6 7. d5 Na5 8. Nbd2
c5 9. Re1 a6 10. Rb1 b5 11. b3 Rb8 12. Bb2 Bd7 13. e4 bxc4 14. Nxc4 Nxc4 15.
bxc4 Qa5 16. e5 Ba4 17. Qe2 Ng4 18. h3 Nxe5 19. Nxe5 Rxb2 20. Rxb2 Bxe5 21. Rb7
Bf6 22. Reb1 Qc3 23. Bf1 h5 24. Qe3 Qxe3 25. fxe3 Bc2 26. R1b6 a5 27. Rb8 a4 28.
Rxf8+ Kxf8 29. Kf2 Bc3 30. Be2 Bb4 31. e4 a3 32. Ke3 Bb1 33. Bd3 Bxa2 34. e5
dxe5 35. Rb8+ Kg7 36. Rb7 Kf6 37. Rb6+ Kg7 38. Rb7 Kf6 39. Rb6+ Kg7 40. Rb7 1/2-1/2

[Event "Women's Speed Chess Q5"]
[Site "chess.com INT"]
[Date "2020.06.22"]
[Round "4"]
[White "Filippova, Margarita"]
[Black "Kanyamarala, Trisha"]
[Result "1-0"]
[WhiteTitle "WFM"]
[BlackTitle "WIM"]
[WhiteElo "1931"]
[BlackElo "2193"]
[WhiteFideId "34199680"]
[BlackFideId "45004722"]
[EventDate "2020.06.22"]

1. Nf3 d5 2. d4 Nf6 3. c4 e6 4. Nc3 Bb4 5. Bg5 O-O 6. e3 c5 7. Nd2 cxd4 8. exd4
dxc4 9. a3 Be7 10. Nxc4 Nc6 11. Be3 a6 12. Be2 Qc7 13. Rc1 Rd8 14. Bf3 e5 15. d5
Nd4 16. Bxd4 exd4 17. Qxd4 Bc5 18. Qh4 Re8+ 19. Ne2 b5 20. Nd2 Bb7 21. O-O Qb6
22. Nc3 Rad8 23. Nb3 Bd6 24. Nd4 Be5 25. Nf5 Nxd5 26. Nxd5 Bxd5 27. Bxd5 Rxd5
28. Ne7+ Rxe7 29. Qxe7 h6 30. Rc8+ Kh7 31. Qxf7 Bf6 32. Qxd5 1-0

[Event "Women's Speed Chess Q5"]
[Site "chess.com INT"]
[Date "2020.06.22"]
[Round "4"]
[White "Babiy, Olga"]
[Black "Kiolbasa, Oliwia"]
[Result "0-1"]
[WhiteTitle "WGM"]
[BlackTitle "WIM"]
[WhiteElo "2228"]
[BlackElo "2160"]
[WhiteFideId "14117258"]
[BlackFideId "1154613"]
[EventDate "2020.06.22"]

1. e4 e5 2. Nf3 Nc6 3. Nc3 Nf6 4. Be2 d5 5. exd5 Nxd5 6. O-O Nxc3 7. bxc3 Bd6 8.
d4 exd4 9. cxd4 O-O 10. h3 h6 11. c4 Re8 12. Rb1 Qf6 13. Be3 b6 14. Re1 Bf4 15.
Bxf4 Qxf4 16. Qd3 Bf5 17. Qb3 Bxb1 18. Qxb1 Nxd4 19. Nxd4 Qxd4 20. Bf1 Rad8 21.
Rc1 Re6 22. Qb3 Qd2 23. Rb1 Rf6 24. Rb2 Qe1 25. Re2 Qc1 26. Rc2 Qa1 27. c5 Rd1
28. Qc4 Re6 29. cxb6 cxb6 30. g3 Ree1 31. Qc8+ Kh7 32. Qf5+ g6 33. Qxf7+ Qg7 34.
Qc4 Rxf1+ 35. Qxf1 Rxf1+ 36. Kxf1 Qd7 37. Kg2 Qd5+ 38. Kh2 a5 39. Rc7+ Kg8 40.
a3 b5 41. Rc8+ Kf7 42. Rc7+ Ke6 43. Rc3 b4 44. axb4 axb4 45. Re3+ Kd6 46. Kg1 b3
47. Kf1 b2 0-1

[Event "Women's Speed Chess Q5"]
[Site "chess.com INT"]
[Date "2020.06.22"]
[Round "4"]
[White "Socko, Monika"]
[Black "Doluhanova, Evgeniya"]
[Result "1-0"]
[WhiteTitle "GM"]
[BlackTitle "WGM"]
[WhiteElo "2428"]
[BlackElo "2229"]
[WhiteFideId "1106619"]
[BlackFideId "14112035"]
[EventDate "2020.06.22"]

1. d4 Nf6 2. c4 e6 3. Nf3 b6 4. g3 Bb7 5. Bg2 Be7 6. O-O O-O 7. Nc3 Ne4 8. Bd2
Bf6 9. Rc1 Nxc3 10. Bxc3 Be4 11. Qd2 d5 12. Rfd1 Nd7 13. b3 Rc8 14. Ne1 Bxg2 15.
Nxg2 Re8 16. Nf4 c6 17. e3 g6 18. a4 Bg7 19. a5 b5 20. cxb5 cxb5 21. Bb4 Rxc1
22. Rxc1 Qb8 23. Qc3 Bf8 24. Nd3 Bxb4 25. Nxb4 Qd6 26. Nd3 Nf6 27. Qc6 Qxc6 28.
Rxc6 Ne4 29. a6 Nd2 30. b4 Nc4 31. Rc7 f6 32. Rxa7 e5 33. dxe5 fxe5 34. Rb7 Re6
35. a7 1-0

[Event "Women's Speed Chess Q5"]
[Site "chess.com INT"]
[Date "2020.06.22"]
[Round "4"]
[White "Foisor, Sabina-Francesca"]
[Black "Millard, Charlotte"]
[Result "1-0"]
[WhiteTitle "WGM"]
[BlackTitle "WCM"]
[WhiteElo "2228"]
[BlackElo "1252"]
[WhiteFideId "1212915"]
[BlackFideId "14320363"]
[EventDate "2020.06.22"]

1. d4 d5 2. c4 c6 3. Nf3 Nf6 4. Nbd2 e6 5. e3 Be7 6. Bd3 Nbd7 7. O-O O-O 8. Qe2
Re8 9. b3 Nf8 10. Bb2 Ng6 11. Ne5 Nd7 12. Nxg6 fxg6 13. e4 Nf6 14. e5 Nd7 15. f4
c5 16. cxd5 exd5 17. f5 gxf5 18. Bxf5 Nf8 19. Bd3 Ng6 20. Qh5 Qb6 21. Rae1 cxd4
22. Nf3 Be6 23. Kh1 Bf7 24. Nxd4 Nf4 25. Qxh7+ Kf8 26. Qh8+ Bg8 27. Rxf4+ Bf6
28. Bh7 Ke7 29. exf6+ Kd7 30. Qxg7+ 1-0

[Event "Women's Speed Chess Q5"]
[Site "chess.com INT"]
[Date "2020.06.22"]
[Round "4"]
[White "Hryzlova, Sofiia"]
[Black "Rakhmangulova, Anastasiya"]
[Result "0-1"]
[WhiteTitle "WCM"]
[BlackTitle "WIM"]
[WhiteElo "1940"]
[BlackElo "2191"]
[WhiteFideId "14174669"]
[BlackFideId "14117479"]
[EventDate "2020.06.22"]

1. c4 c6 2. Nf3 d5 3. e3 Nf6 4. Nc3 a6 5. b3 Bg4 6. Qc2 Nbd7 7. Bb2 e5 8. h3 Bh5
9. g4 Bg6 10. d3 e4 11. Nh4 Bb4 12. Nxg6 hxg6 13. a3 Bxc3+ 14. Bxc3 O-O 15. g5
Nh7 16. h4 Re8 17. dxe4 dxe4 18. Rd1 Qe7 19. Be2 Rad8 20. b4 Nhf8 21. Qb2 Ne6
22. Bg4 Ndf8 23. Ke2 Rd3 24. Rxd3 exd3+ 25. Kxd3 Nf4+ 26. Kc2 Qe4+ 27. Kd2 Rd8+
28. Bd4 Qxh1 29. exf4 Qe4 0-1

[Event "Women's Speed Chess Q5"]
[Site "chess.com INT"]
[Date "2020.06.22"]
[Round "4"]
[White "Bodnaruk, Anastasia"]
[Black "Vargas, Gabriela"]
[Result "1-0"]
[WhiteTitle "IM"]
[BlackTitle "WIM"]
[WhiteElo "2411"]
[BlackElo "2170"]
[WhiteFideId "4181751"]
[BlackFideId "3700860"]
[EventDate "2020.06.22"]

1. e4 e6 2. d3 d5 3. Nd2 Nf6 4. Ngf3 b6 5. c3 dxe4 6. dxe4 Bb7 7. Qc2 Nc6 8. Be2
a5 9. a4 e5 10. O-O Bc5 11. Nc4 Qe7 12. Ne3 g6 13. Nd5 Nxd5 14. exd5 Nb8 15. Bh6
f6 16. Rad1 Nd7 17. Bc4 Bd6 18. Rfe1 g5 19. Nd4 Qf7 20. Nf5 Qg6 21. Bd3 Qf7 22.
Ng7+ Kd8 23. Bf5 Kc8 24. Qd3 Ba6 25. Qh3 Rg8 26. Be6 Qf8 27. Bxd7+ Kb8 28. Nf5
Qf7 29. Be6 1-0

[Event "Women's Speed Chess Q5"]
[Site "chess.com INT"]
[Date "2020.06.22"]
[Round "4"]
[White "Mammadova, Gulnar"]
[Black "Gaponenko, Inna"]
[Result "1-0"]
[WhiteTitle "IM"]
[BlackTitle "IM"]
[WhiteElo "2382"]
[BlackElo "2396"]
[WhiteFideId "13403508"]
[BlackFideId "14101181"]
[EventDate "2020.06.22"]

1. e4 g6 2. d4 Bg7 3. Nc3 d6 4. Nf3 Nf6 5. Be2 O-O 6. h3 a6 7. a4 Nc6 8. O-O e5
9. Be3 Re8 10. dxe5 Nxe5 11. Nxe5 dxe5 12. Qc1 Qe7 13. Bg5 Qc5 14. a5 Be6 15.
Be3 Qc6 16. f3 Nh5 17. Kh2 Nf4 18. Rd1 Nxe2 19. Nxe2 f5 20. exf5 Bxf5 21. Ng3
Bxc2 22. Rd2 Ba4 23. Qe1 Re7 24. Ne4 Bb5 25. Rc1 Qe8 26. Bg5 Rf7 27. Rcd1 Bd7
28. Nc5 h6 29. Bh4 g5 30. Bg3 Bc6 31. Qe3 e4 32. fxe4 Qe6 33. Nxe6 Re7 34. Nxg7
Rxg7 35. e5 1-0

[Event "Women's Speed Chess Q5"]
[Site "chess.com INT"]
[Date "2020.06.22"]
[Round "4"]
[White "Sharmin, Samiha Shimmi"]
[Black "Tsukerman, Julia"]
[Result "0-1"]
[WhiteTitle "WCM"]
[BlackTitle "WCM"]
[WhiteElo "1812"]
[BlackElo "1523"]
[WhiteFideId "10203087"]
[BlackFideId "2621649"]
[EventDate "2020.06.22"]

1. e4 c5 2. Nf3 d6 3. d4 cxd4 4. Nxd4 Nf6 5. Nc3 a6 6. Be3 e5 7. Nb3 Be6 8. f3
Be7 9. Qd2 Nbd7 10. O-O-O b5 11. g4 b4 12. Nd5 Bxd5 13. exd5 Nb6 14. Na5 Nfxd5
15. Nc6 Qc7 16. Nxe7 Nxe3 17. Qxe3 Kxe7 18. f4 Rhd8 19. Bd3 g6 20. fxe5 dxe5 21.
Rhf1 Kf8 22. Qh6+ Kg8 23. h4 Qe7 24. h5 e4 25. Rde1 Rd4 26. hxg6 fxg6 27. Rf4
Re8 28. Bxa6 Qa7 29. Ref1 Rdd8 30. Bb5 Qxa2 31. c3 b3 32. Bd3 exd3 0-1

[Event "Women's Speed Chess Q5"]
[Site "chess.com INT"]
[Date "2020.06.22"]
[Round "4"]
[White "Hng, Mei-En Emmanuelle"]
[Black "Hejazipour, Mitra"]
[Result "1-0"]
[WhiteTitle "WFM"]
[BlackTitle "WGM"]
[WhiteElo "2029"]
[BlackElo "2300"]
[WhiteFideId "5804566"]
[BlackFideId "12505951"]
[EventDate "2020.06.22"]

1. e4 c5 2. d4 cxd4 3. c3 Nf6 4. e5 Nd5 5. Qxd4 e6 6. Nf3 Nc6 7. Qe4 f5 8. exf6
Nxf6 9. Qh4 Be7 10. Bd3 d5 11. Bg6+ Kf8 12. O-O Rg8 13. Bc2 h6 14. Bg6 e5 15.
Re1 e4 16. Nd4 Nxd4 17. cxd4 Be6 18. Nc3 Bf7 19. Bf5 a6 20. Bd2 Qd6 21. Ne2 Nd7
22. Qh3 Nb6 23. Bf4 Qd8 24. Rac1 Nc4 25. Rc2 Nd6 26. Rec1 Nxf5 27. Qxf5 Bd6 28.
Be5 Bxe5 29. dxe5 g6 30. Qf4 Kg7 31. Rc7 1-0

[Event "Women's Speed Chess Q5"]
[Site "chess.com INT"]
[Date "2020.06.22"]
[Round "4"]
[White "Nandhidhaa, P V"]
[Black "Arabidze, Meri"]
[Result "0-1"]
[WhiteTitle "WGM"]
[BlackTitle "IM"]
[WhiteElo "2365"]
[BlackElo "2428"]
[WhiteFideId "5050847"]
[BlackFideId "13604040"]
[EventDate "2020.06.22"]

1. d4 d5 2. Bf4 Nf6 3. e3 e6 4. Nf3 Bd6 5. Bg3 c5 6. c3 Nc6 7. Nbd2 O-O 8. Bd3
b6 9. O-O Bb7 10. Ne5 Qc7 11. f4 Ne7 12. Ndf3 Nf5 13. Bf2 Be7 14. Qe2 Rac8 15.
Ng5 Nd6 16. Bh4 Nfe4 17. Qh5 Bxg5 18. fxg5 Nf5 19. Rf3 g6 20. Qg4 a6 21. Rh3 b5
22. Bxe4 dxe4 23. Rf1 cxd4 24. cxd4 Bd5 25. b3 a5 26. Qxe4 Bxe4 27. Bg3 Nxg3 28.
hxg3 Bf5 29. Rh2 Qc3 30. Nd7 Qxe3+ 31. Kh1 h5 32. gxh6 Rc1 33. h7+ Kh8 34. Nxf8
Rxf1# 0-1

[Event "Women's Speed Chess Q5"]
[Site "chess.com INT"]
[Date "2020.06.22"]
[Round "4"]
[White "Javakhishvili, Lela"]
[Black "Jakubowska, Anna"]
[Result "1/2-1/2"]
[WhiteTitle "IM"]
[BlackTitle "WIM"]
[WhiteElo "2475"]
[BlackElo "2073"]
[WhiteFideId "13601458"]
[BlackFideId "1121952"]
[EventDate "2020.06.22"]

1. d4 d5 2. c4 c6 3. Nf3 Nf6 4. e3 e6 5. Bd3 Nbd7 6. Nbd2 Bd6 7. O-O O-O 8. e4
dxe4 9. Nxe4 Nxe4 10. Bxe4 e5 11. dxe5 Bxe5 12. Nxe5 Nxe5 13. Bxh7+ Kxh7 14.
Qh5+ Kg8 15. Qxe5 Be6 16. b3 Qh4 17. Bb2 Qh6 18. Rad1 Rfe8 19. Qg3 Rad8 20. h3
Bf5 21. Bc3 Qg6 22. Qxg6 Bxg6 23. Bd4 a6 24. Be3 f6 25. g4 Bd3 26. Rfe1 Bc2 27.
Rc1 Bg6 28. Kh2 Kf7 29. Kg3 Rd3 30. h4 Bh7 31. c5 Bg8 32. Rc4 Kf8 33. Rb4 Re7
34. Rc1 Bd5 35. Rd4 Rxd4 36. Bxd4 Re2 37. Ra1 Re4 38. Be3 Be6 39. g5 Rg4+ 40.
Kf3 Rxh4 41. gxf6 gxf6 42. Bf4 Kf7 43. Rd1 Bg4+ 44. Kg3 Bxd1 45. Kxh4 Ke6 46. b4
Bc2 47. a3 Be4 48. Kg3 Bd3 49. Be3 Bc4 50. Bd4 Bb5 1/2-1/2

[Event "Women's Speed Chess Q5"]
[Site "chess.com INT"]
[Date "2020.06.22"]
[Round "4"]
[White "Tarleva, Vira"]
[Black "Frayna, Janelle Mae"]
[Result "1/2-1/2"]
[WhiteTitle "WFM"]
[BlackTitle "WGM"]
[WhiteElo "2030"]
[BlackElo "2179"]
[WhiteFideId "14116693"]
[BlackFideId "5212499"]
[EventDate "2020.06.22"]

1. e4 Nf6 2. e5 Nd5 3. d4 d6 4. exd6 cxd6 5. c4 Nb6 6. Nc3 g6 7. Bd3 Bg7 8. Nge2
O-O 9. O-O e5 10. d5 f5 11. f3 N8d7 12. Be3 Nc5 13. b3 Nxd3 14. Qxd3 Nd7 15. Qd2
Nf6 16. Rac1 Bd7 17. b4 a5 18. a3 axb4 19. axb4 e4 20. c5 exf3 21. Rxf3 Ng4 22.
Bg5 Bf6 23. Bxf6 Qxf6 24. Ne4 Qe5 25. Nxd6 Qxh2+ 26. Kf1 Qh1+ 27. Ng1 Nh2+ 28.
Kf2 Ng4+ 29. Kf1 Rfe8 30. Rh3 Nh2+ 31. Kf2 f4 32. Rxh2 Qxh2 33. Nf3 Qg3+ 34. Kg1
Bg4 35. Qf2 Bxf3 36. Qxf3 Qxf3 37. gxf3 Re2 38. Nxb7 h5 39. d6 Rd2 40. c6 Raa2
41. c7 Rg2+ 42. Kf1 Raf2+ 43. Ke1 Re2+ 44. Kf1 Rgf2+ 45. Kg1 Rg2+ 46. Kf1 Rgf2+
47. Kg1 Rg2+ 48. Kf1 1/2-1/2